<?xml version="1.0" encoding="UTF-8"?><?xml-stylesheet type="text/xsl" href="static/style.xsl"?><OAI-PMH xmlns="http://www.openarchives.org/OAI/2.0/" xmlns:xsi="http://www.w3.org/2001/XMLSchema-instance" xsi:schemaLocation="http://www.openarchives.org/OAI/2.0/ http://www.openarchives.org/OAI/2.0/OAI-PMH.xsd"><responseDate>2026-04-28T19:43:28Z</responseDate><request verb="GetRecord" identifier="oai:uvadoc.uva.es:10324/62857" metadataPrefix="marc">https://uvadoc.uva.es/oai/request</request><GetRecord><record><header><identifier>oai:uvadoc.uva.es:10324/62857</identifier><datestamp>2024-10-15T06:12:27Z</datestamp><setSpec>com_10324_38</setSpec><setSpec>col_10324_787</setSpec></header><metadata><record xmlns="http://www.loc.gov/MARC21/slim" xmlns:doc="http://www.lyncode.com/xoai" xmlns:xsi="http://www.w3.org/2001/XMLSchema-instance" xmlns:dcterms="http://purl.org/dc/terms/" xsi:schemaLocation="http://www.loc.gov/MARC21/slim http://www.loc.gov/standards/marcxml/schema/MARC21slim.xsd">
<leader>00925njm 22002777a 4500</leader>
<datafield tag="042" ind1=" " ind2=" ">
<subfield code="a">dc</subfield>
</datafield>
<datafield tag="720" ind1=" " ind2=" ">
<subfield code="a">Queirel, Andrés Humberto</subfield>
<subfield code="e">author</subfield>
</datafield>
<datafield tag="260" ind1=" " ind2=" ">
<subfield code="c">2023</subfield>
</datafield>
<datafield tag="520" ind1=" " ind2=" ">
<subfield code="a">El objetivo principal de este trabajo es hacer un estudio empírico de la Responsabilidad Social Corporativa en la industria del cemento. Para ello, se ha hecho una revisión general de la literatura de la responsabilidad social abordando los diferentes conceptos, enfoques, evolución, el rol de los stakeholders y las herramientas que se utilizan para su aplicación, reporte y medición. Por otro lado, se ha hecho una descripción del sector cementero repasando la historia y el proceso de obtención del material, realizando un análisis de la actualidad de la industria con datos de los últimos años así como también de las emisiones medioambientales y la contribución positiva de la industria misma. Por último, se ha procedido a realizar un estudio empírico de la RSC de 37 empresas cementeras de diferentes lugares del mundo a través de 9 indicadores que corresponden a las tres dimensiones de la RSC que son medioambiente, social y gobierno corporativo. Estos indicadores fueron obtenidos a través de la base de datos Refinitiv; y mediante un análisis clúster de K-medias se han podido diferenciar tres grupos de empresas según su nivel de RSC: alta, media o baja.</subfield>
</datafield>
<datafield tag="024" ind2=" " ind1="8">
<subfield code="a">https://uvadoc.uva.es/handle/10324/62857</subfield>
</datafield>
<datafield ind1=" " ind2=" " tag="653">
<subfield code="a">Cemento - Industria</subfield>
</datafield>
<datafield tag="245" ind1="0" ind2="0">
<subfield code="a">Responsabilidad social corporativa: un análisis en la industria cementera</subfield>
</datafield>
</record></metadata></record></GetRecord></OAI-PMH>